[Event "Accession Meyreuil 03/04"]
[Site "?"]
[Date "2003.10.04"]
[Round "1"]
[White "Blondelon, Alain"]
[Black "Tchifteyan, Philippe"]
[Result "1/2-1/2"]
[WhiteElo "1680"]
[BlackElo "1690"]
[PlyCount "57"]

1. Nf3 d5 2. d4 Nf6 3. e3 e6 4. Bd3
Nbd7 5. c3 c5 6. Nbd2 6... c4 $146 ({la theorie indique} 6... Qc7 7. O-O Be7 8.
e4 dxe4 9. Nxe4 O-O 10. Nxc5 Bxc5 11. dxc5 Nxc5 12. Bc2 e5 13. Qe2 e4 14. Nd4
b6 15. h3 Ba6 16. Nb5 $11) 7. Bc2 b5 8. O-O Bd6 9. Re1 Bb7 10. e4 Nxe4 11. Nxe4
dxe4 12. Bxe4 Bxe4 13. Rxe4 Nf6 14. Re1 O-O 15. Bg5 h6 16. Bh4 Be7 17. Bg3
17... Nd5 $11 {les Noirs planifient ...b4.} 18. Qc2 Rc8 19. Qd2 19... a5 {
les Noirs preparent ...b4 (bis)} 20. a3 {securise b4} 20... b4 21. axb4 axb4
22. Reb1 22... b3 {22...Qd7!? = avec l'idee ...Qb5} 23. Qe2 $14 23... Nb6 24.
Bf4 {24.Ra7 Bf6 +/=} 24... Ra8 $11 25. Nd2 Rxa1 26. Rxa1 26... Qc8 {
26...Bg5!? 27.Be3 Qd5 =} 27. Qg4 $14 27... Kh8 28. Qe2 (28. Be5 $5 28... f6
29. Ra7 fxe5 30. Rxe7 Rg8 31. h3 $16) 28... Qc6 29. Qe4 $11 (29. Ra7 Re8 30.
Be5 $14) 1/2-1/2

[Event "Accession Meyreuil 03/04"]
[Site "?"]
[Date "2003.10.04"]
[Round "1"]
[White "Derien, Robert"]
[Black "Colandrea, Sauveur"]
[Result "1/2-1/2"]
[WhiteElo "1710"]
[BlackElo "1820"]
[PlyCount "42"]

1. e4 d5 2. exd5 Nf6 3. c4 c6 4. dxc6 Nxc6 5. b3
$146 (5. d3 $5 {est le coup theorique} 5... e5 6. Nc3 Bf5 7. Nf3 Bb4 8. Be2 e4
9. dxe4 $11) 5... e5 6. Bb2 Bc5 7. Nc3 7... Bxf2+ $4 {
donne une piece sans veritable compensation} (7... Bf5 $142 8. Na4 Bd4 9. Nf3 (
{si} 9. Bxd4 9... Nb4 10. d3 ({pas} 10. Bxe5 10... Nc2+ {gagne la Q} 11. Qxc2
11... Bxc2 $17) 10... Qxd4 $17) 9... Bxb2 10. Nxb2 $15) 8. Kxf2 $18 8... Ng4+
9. Ke1 Nd4 10. Be2 h5 (10... Bf5 11. Kf1 Nxe2 12. Ngxe2 $18 (12. Qxe2 $4 12...
Bd3 $19) (12. Kxe2 $6 12... Qd4 13. Nh3 O-O-O 14. Ke1 $18)) 11. Nf3 11... Qb6 {
ou 11...0-0 12.Nd5 Be6 13.Nxd4 exd4 14.Kf1 +-} 12. Rf1 Nxf3+ 13. Bxf3 Nxh2
14. Nd5 14... Qd8 {14...Qd6 ne change rien 15.Qe2 Ng4 16.c5 +-} 15. Qe2 (15.
Bxe5 $142 {est plus facile pour les Blancs} 15... O-O 16. Bxh2 Qh4+ 17. Ke2
Qxh2 18. Rh1 Qe5+ 19. Kf1 $18) 15... Nxf1 (15... O-O {est a peine mieux} 16.
Rh1 (16. Qxe5 $4 16... Re8 $17) 16... Nxf3+ 17. gxf3 $18 (17. Qxf3 $143 17...
Bg4 18. Qg3 18... f6 $18)) 16. Kxf1 (16. Qxe5+ $142 $1 {
le debut d'une suite forcee} 16... Be6 (16... Kd7 17. Kxf1 $18 {
et 18.Qf5+ ou 18.Ba3 a suivre}) 17. Nc7+ Kd7 18. Nxe6 fxe6 19. Qb5+ Ke7 20.
Qxb7+ Qd7 21. Ba3+ Kd8 22. Qxa8+ Qc8 23. Qxa7 Qc7 24. Qd4+ Ke8 25. Kxf1 25...
Kf7 $18) 16... Be6 17. Bxe5 (17. Qxe5 $142 {est meilleur} 17... Kd7 18. Qxg7
Bxd5 19. Bxd5 $18 (19. Qxh8 $6 19... Qxh8 20. Bxh8 20... Bxf3 $16)) 17... Qh4
18. Kg1 {18.Nc7+!? Kf8 19.Nxa8 b6 +-} 18... O-O-O 19. Bxg7 (19. g3 Qh3 20.
Qf2 Rxd5 21. cxd5 Kd7 22. Qxa7 Rd8 23. Qxb7+ Ke8 24. dxe6 Qxe6 25. Bxg7 Rd4 26.
Bc6+ Qxc6 27. Qxc6+ Rd7 28. Re1+ Kd8 29. Bf6+ Re7 30. Bxe7#) 19... Bxd5 20.
Bxh8 {20.cxd5 est le plus court chemin Rde8 21.Rc1+ Kd8 +-} 20... Bxf3 21.
Qxf3 ({pas} 21. gxf3 $4 21... Rg8+ (21... Rxh8 $6 {est grave} 22. Qe5 f6 23.
Qe4 Qg5+ 24. Kh1 $11) 22. Qg2 Rxg2+ (22... Rxh8 $6 {est tres grave} 23. Rd1 $11
) 23. Kxg2 Qg5+ 24. Kf1 24... Qxd2 $19) 21... Rxh8 $18 {les Blancs sont
absolument gagnants mais peut etre, apres avoir defendu toute la partie,
ont-ils cru qu'il etait temps de signer la paix ? #} (21... Rxh8 22. Qf5+ Kd8
23. Qd5+ Kc8 24. Qc5+ Kd7 25. Rf1 f6 26. Qxa7 Kc7 27. Qc5+ Kb8 28. Qd6+ Kc8 29.
Qxf6 Qxf6 30. Rxf6 $18) 1/2-1/2

[Event "Accession Meyreuil 03/04"]
[Site "?"]
[Date "2003.10.04"]
[Round "1"]
[White "Parroco, Pierre-Jean"]
[Black "Thomet, Yannick"]
[Result "1-0"]
[WhiteElo "1700"]
[BlackElo "1930"]
[PlyCount "89"]

1. e4 g6 2. d4 Bg7 3. f4 d6 4. Nf3 Nd7 5. Bc4 c6 6. O-O
$146 6... e6 7. Kh1 Ne7 8. f5 $6 {8.Bd3 d5 +/=} 8... d5 (8... gxf5 $142 $5 {
merite d'etre regarde} 9. exf5 9... Nxf5 $15) 9. fxe6 $14 9... dxc4 10. exd7+
Bxd7 11. Qe2 11... O-O $6 {
perd un pion et laisse le centre aux Blancs 11...b5 12.Qf2 0-0 +/=} 12. Qxc4
$16 12... Be6 13. Qd3 b5 14. b3 {14.Nbd2 Qd7 15.a4 +/-} 14... Qc7 {
14...c5 15.c3 Qd7 +/-} 15. Bb2 Rad8 16. Nc3 16... a6 {
16...Bg4 pour faire le siege du Pd4 17.Rad1 +/-} 17. Rad1 {
17.Ba3 Rde8 18.Bc5 +/-} 17... c5 (17... Bg4 18. h3 Bxf3 19. Qxf3 (19. Rxf3 $6
19... Rxd4 20. Qe2 20... Rdd8 $11) 19... c5 $16) 18. Ne2 (18. d5 $1 18... Nc8 (
{si} 18... Bg4 19. d6 Qb7 20. dxe7 Qxe7 (20... Rxd3 21. exf8=Q+ Kxf8 22. Rxd3
b4 23. Ng5 bxc3 24. Bxc3 $18 {et les Noirs sont perdus}) 21. Qe3 $18) 19. Nxb5
axb5 20. Bxg7 Kxg7 21. Qc3+ Kg8 22. dxe6 fxe6 23. Rxd8 Rxd8 24. a4 $18) 18...
c4 $16 19. Qe3 Rfe8 20. Ng5 cxb3 21. cxb3 Qb6 22. Qf3 {
22.Qf4 f6 23.Nxe6 Qxe6 24.Ng3 +/-} 22... Rf8 23. Bc1 23... a5 {
23...Bc8!? +/-} 24. Be3 Qa6 25. Qg3 (25. d5 $5 25... Bd7 26. Bc5 Rde8 27.
Nxf7 Qc8 28. Rc1 $18) 25... f6 26. Nxe6 Qxe6 27. Qf3 27... Rf7 {
mieux : 27...f5!? 28.e5 Nd5 29.Rc1 +-} 28. d5 Qd6 29. Bf4 29... Qc5 {
ou 29...Qd7 30.Nd4 Rc8 31.Ne6 +-} 30. Rc1 {
30.Nd4!? et c'est plus facile pour les Blancs Re8 31.Ne6 Qa7 +-} 30... Qa3
31. Rc2 31... Re8 $2 {31...f5 32.Bc7 Rd7 +-} 32. Nd4 (32. Qd3 {est mieux}
32... Nc8 33. Qxb5 33... Rfe7 $18) 32... Qb4 $18 33. Ne6 Bh8 ({sur} 33... Rc8
34. Bc7 f5 35. d6 Qxe4 36. Qxe4 (36. dxe7 $6 {est tres faible} 36... Qxe6 37.
Re2 37... Qd7 $16) 36... fxe4 37. Rxf7 Kxf7 38. Nxg7 (38. dxe7 $6 38... Bf6 $18
) 38... Kxg7 39. d7 $18 (39. dxe7 $6 39... Kf7 $18)) 34. Bd2 {
34.d6! est le plus court chemin Nc8 35.Qd3 Nxd6 36.Bxd6 Rd7 37.Nc5 +-} 34...
Qd6 35. Ng5 {ou 35.Bxa5 Ra8 36.Bc7 Qd7 +-} 35... Rff8 36. Ne6 Rf7 37. Bf4 (
37. Bxa5 $142 {peut etre le plus court chemin} 37... Rc8 38. Rxc8+ Nxc8 39. Rc1
$18) 37... Qa6 $4 {37...Qd4 resiste a peine mieux 38.d6 Nc8 39.Qd3 +-} 38.
Bh6 $2 {38.Nc7!? Qc8 39.Rfc1 Ref8 40.Ne6 +-} 38... f5 39. Nc7 Qc8 40. d6 Rd8
41. dxe7 41... Rxe7 {une position pour s'entrainer au calcul : comment les
Blancs peuvent-ils tirer le meilleur de la position ? #} 42. Rfc1 (42. Nd5 $3 {
et les Blancs peuvent se relaxer (si c'est Fritz qui joue!)} 42... Qd7 (42...
Qxc2 $2 43. Nxe7+ Kf7 44. Nxf5 Ke6 (44... Ke8 45. Nd6+ Rxd6 46. Qf8+ Kd7 47.
Rf7+ Kc6 48. Qc8+ Kb6 49. Rb7+ Ka6 50. Qa8#) (44... gxf5 45. Qxf5+ Ke7 46. Qf7+
Kd6 47. Qd5+ Kc7 48. Rf7+ Rd7 49. Rxd7+ Kb6 50. Rb7+ Ka6 51. Qxb5#) 45. Nd4+
Rxd4 46. Qf7+ Kd6 47. Bf4+ $18 {suivi du mat}) 43. Nxe7+ Qxe7 44. exf5 Bg7 45.
Re2 Qf8 46. Bxg7 $18) 42... fxe4 43. Nd5 $1 43... Ree8 {
43...Rxd5 44.Rxc8+ et le mat suit} 44. Ne7+ $1 44... Rxe7 45. Rxc8 (45. Rxc8
exf3 46. Rxd8+ Kf7 47. Rxh8 $18) 1-0

[Event "Accession Meyreuil 03/04"]
[Site "?"]
[Date "2003.10.04"]
[Round "1"]
[White "Hernandez, Jean-Pierre"]
[Black "Fabet, Olivier"]
[Result "1-0"]
[WhiteElo "1680"]
[BlackElo "1760"]
[PlyCount "121"]

1. c4 Nf6 2. Nf3 e6 3. Nc3 Nc6 (3...
Bb4 4. g3 O-O 5. Bg2 d5 6. Qb3 Nc6 7. d4 Ne4 8. cxd5 Qxd5 9. Qxb4 Nxb4 10. Nxd5
Nc2+ 11. Kd1 Nxa1 12. Nxc7 Nxf2+ 13. Ke1 Nxh1 14. Nxa8 Bd7 15. Nc7 Nc2+ 16. Kf1
Rc8 17. Bf4 h6 18. h4 {
Van Wely,L-Sokolov,I/Wijk aan Zee 1999/CBM 69/Ribli/0-1 (34)}) 4. d4 d5 5. e3
(5. Bg5 Be7 (5... dxc4 6. e3 $11) 6. e3 O-O 7. Bd3 Nb4 8. Be2 dxc4 9. Bxc4 $11)
5... Bb4 6. cxd5 Nxd5 7. Bd2 O-O 8. Be2 b6 9. O-O Bb7 10. Nxd5 Qxd5 11. a3 {
11.Bxb4 pour echanger le "mauvais fou" Nxb4 12.a3 Nc6 +/=} 11... Bd6 $11 12.
Rc1 12... Qh5 {12...Rfd8 13.Ne1 =} 13. h3 (13. Ne5 Qh6 14. e4 Qh4 15. g3 Qxe4
16. Bf3 Qxd4 17. Nxc6 Qxb2 18. a4 $16 {avec 3 pions pour le cavalier}) 13...
Qg6 14. Qc2 f5 15. Nh4 Qg5 16. Nf3 16... Qf6 {
ou 16...Qg6 17.Qa4 Nd8 18.Bb4 +/=} 17. Bc3 {17.Qa4 Ne7 +/=} 17... Ne7 $11
18. Rfd1 (18. d5 Qg6 19. dxe6 19... Be4 $11) 18... Be4 19. Qd2 19... Nd5 {
les Noirs preparent ...f4} 20. Ne1 (20. Ne5 $142 $5 {est interessant} 20... f4
21. Bf3 Bxf3 22. Nxf3 fxe3 23. fxe3 23... Qh6 $15 {
menacant 24...Qxe3+ =/+ (si 24.Re1 Bg3 =/+)}) 20... f4 $17 21. Bf3 fxe3 ({
mais pas} 21... Nxc3 $6 22. Rxc3 fxe3 23. Rxe3 $11) 22. fxe3 22... Bg3 {
plus faible est 22...Bxf3 23.Nxf3 Qh6 24.Qe2 =/+} 23. Qe2 Bxe1 ({pas} 23...
Nxc3 $6 24. Rxc3 Bxe1 25. Rxe1 (25. Bxe4 $143 25... Bxc3 26. Bxa8 26... Bxb2
$15) 25... Bxf3 26. Qxf3 Qxf3 27. gxf3 Rxf3 28. Kg2 $11) 24. Bxe4 Qf2+ 25. Qxf2
Bxf2+ 26. Kh1 Bxe3 ({pas} 26... Nxe3 $6 27. Bxa8 Nxd1 28. Rxd1 Rxa8 29. d5 exd5
30. Rxd5 $11) 27. Rc2 $17 27... Nxc3 $4 {
les Noirs ruinent leur position 27...Rad8 -/+} 28. Rxc3 $16 28... Rad8 $2 (
28... Bf4 $142 29. Bxa8 29... Rxa8 $16) 29. Rxe3 $18 29... e5 30. d5 Rf6 31.
Bf3 Kf8 32. Rxe5 Rfd6 33. Rf1 {33.Rc1 R8d7 +-} 33... Rf6 34. Rfe1 Rfd6 35.
Rf5+ (35. Bg4 $1 {peut etre le plus court chemin} 35... g6 (35... Rxd5 36. Rf1+
Kg8 37. Rxd5 $18) 36. Rf1+ Kg7 37. Re7+ Kh6 38. Be6 $18) 35... Kg8 36. b4 g6
37. Rfe5 37... h5 {sur 37...Kf8 38.b5 +-} 38. Re8+ Kf7 39. Rxd8 {
39.R8e7+!? est encore mieux Kf6 40.Rxc7 a5 +-} 39... Rxd8 40. b5 Rd6 41. Rc1
Rd7 42. Rc6 Re7 43. Kh2 Kg7 44. Re6 Rd7 45. g4 {45.Be4!? +-} 45... hxg4 46.
hxg4 g5 47. Be4 Kf7 48. Kg3 Rd6 49. Rxd6 (49. Re5 $142 {semble mieux} 49... Kf6
50. Rf5+ Kg6 51. Rf2+ Kg7 52. Rh2 $18) 49... cxd6 50. Kf3 Kf6 51. Ke2 Kf7 52.
Ke3 Kg7 53. Bf5 Kf7 54. Ke4 Kf6 55. Bd7 Kg6 56. Be8+ Kf6 57. Bh5 Kg7 58. Kf5
Kf8 59. Kxg5 Ke7 60. Kf5 Kf8 61. Kf6 (61. Kf6 Kg8 62. Bf7+ Kh7 63. g5 a6 64.
bxa6 b5 65. a7 Kh8 66. a8=Q+ Kh7 67. Bg6#) 1-0

[Event "Accession Meyreuil 03/04"]
[Site "?"]
[Date "2003.10.04"]
[Round "1"]
[White "Mamert, Robert"]
[Black "Corrias, Robert"]
[Result "0-1"]
[WhiteElo "1700"]
[BlackElo "1780"]
[PlyCount "36"]

1. d4 Nf6 2. c4 c5 3. d5
d6 4. Nc3 e5 5. e4 Be7 6. Nf3 O-O 7. h3 Na6 (7... Nbd7 8. g4 a6 9. a4 Rb8 10.
Bd3 Re8 11. Rg1 Nf8 12. g5 N6d7 13. h4 Ng6 14. Ne2 Bf8 15. Qc2 Nf4 16. Nxf4
exf4 17. Bxf4 b5 18. axb5 axb5 19. b3 bxc4 20. bxc4 g6 21. Kf1 Bg7 22. Rb1 {
Christiansen,L-Miles,A/New York op 1987/CBM 02/1-0 (50)}) 8. Bd3 8... Re8 $146
({Fritz a dans son livre :} 8... Nc7 9. Be3 Bd7 10. Nh2 a6 11. a4 b5 12. O-O
bxc4 13. Bxc4 Rb8 14. b3 Nfe8 15. Qd2 Na8 16. f4 exf4 17. Bxf4 Qa5 18. Nf3 Nb6
19. Be2 $14) 9. Be3 Bd7 10. a4 {10.0-0 Nb4 +/=} 10... Nb4 $11 {
Une case tres active pour le cavalier noir.} 11. Bb1 a6 12. a5 b6 13. axb6 Qxb6
14. Ra3 Rab8 15. Nd2 Rb7 16. g4 g6 17. Bg5 {17.Nb3 Qc7 =} 17... Kg7 (17...
Nfxd5 $142 $5 18. Nxd5 Nxd5 19. cxd5 Bxg5 20. Nc4 $17) 18. Rg1 $2 {18.Nf3!? =
} 18... Nfxd5 $1 (18... Nxe4 $4 19. Ndxe4 19... f6 $18 {
et les Blancs ont un N pour un P}) (18... Nfxd5 $1 19. Nxd5 Nxd5 20. Bxe7 20...
Nxe7 $17 {et les Noirs ont un P de plus, un bon B et l'initiative}) 0-1

[Event "Accession Meyreuil 03/04"]
[Site "?"]
[Date "2003.11.08"]
[Round "2"]
[White "Tchifteyan, Philippe"]
[Black "Corrias, Robert"]
[Result "1-0"]
[WhiteElo "1690"]
[BlackElo "1780"]
[PlyCount "59"]

1. e4 e5 2. c4 Nf6 3. Nc3 3... Be7 $146 4. d3 d6 5.
Be2 Nc6 6. f4 O-O 7. f5 {Les Blancs obtiennent plus d'espace} 7... Nd4 8. Nd5
Nxd5 9. cxd5 c6 10. dxc6 bxc6 11. Nf3 Qb6 12. h4 $2 {
12.Nxd4 Qxd4 13.Qc2 Qb6 =/+} 12... Bd7 (12... d5 $5 13. Nxd4 (13. Nxe5 Bb4+
14. Kf1 14... Re8 $19) 13... Qxd4 14. Qc2 Bb4+ 15. Bd2 dxe4 16. Bxb4 Qxb4+ 17.
Qc3 Qxc3+ 18. bxc3 18... Bxf5 $19) 13. g4 f6 14. g5 {
Les Blancs ebranlent la chaine de pions} 14... d5 15. Kf1 (15. a3 Nb3 16. gxf6
16... Bxf6 $17 (16... Nxa1 {est tres faible} 17. fxe7 Rfe8 18. Rg1 (18. Nxe5
$143 18... Rxe7 19. b4 19... Rxe5 $17) 18... Nb3 $16)) 15... Rab8 $17 16. Rg1
Bc5 17. gxf6 Rxf6 18. Nxe5 $2 {18.Rg5 Qc7 19.Rg2 -/+} 18... Rb7 $4 {
laisse un gout amer} (18... Bxf5 $142 {assure le gain} 19. exf5 Rxf5+ 20. Kg2
Nxe2 (20... Rxe5 $6 21. Bg4 $19) 21. Qxe2 21... Bxg1 $19) 19. Nxd7 $15 19...
Rxd7 20. Rg3 {20.Rg4 Kh8 =/+} 20... Qc7 (20... dxe4 21. dxe4 Nxf5 22. exf5
Rxf5+ 23. Kg2 Rxd1 24. Bxd1 Rf2+ 25. Kh3 25... Qb5 $19) 21. Kg2 $15 21... dxe4
{21...Qe5 22.Rg4 dxe4 =/+} 22. dxe4 $11 {#} 22... Nxf5 $4 {il y avait de
meilleurs moyens pour maintenir la pression. 22...Nxe2 23.Qxe2 Qe5 =} 23.
Qb3+ $18 23... Rdf7 {23...Kh8 24.exf5 Rxf5 25.Be3 +-} 24. exf5 24... Rxf5 {
24...Qe5 25.Qc2 Rb7 26.Rf3 +-} 25. Rf3 (25. Bc4 $142 {
et les Blancs peuvent se relaxer} 25... Rf2+ 26. Kh3 Kh8 27. Bxf7 27... Rxf7
$18) 25... Qe5 $4 {enterine simplement la situation.} (25... Rxf3 $142 26. Bxf3
Qe5 27. Qc3 $1 (27. Bg5 $2 27... Bd6 28. Rd1 Qg3+ 29. Kf1 29... h6 $11) 27...
Qf5 28. Bg5 $18) 26. Bc4 Qe4 27. Bxf7+ Kf8 28. Bh5 g6 29. Bh6+ Ke7 30. Kf1 1-0

[Event "Accession Meyreuil 03/04"]
[Site "?"]
[Date "2003.11.08"]
[Round "2"]
[White "Fabet, Olivier"]
[Black "Mamert, Robert"]
[Result "0-1"]
[WhiteElo "1760"]
[BlackElo "1700"]
[PlyCount "76"]

1. d4 Nf6 2. c4 g6 3.
Nc3 Bg7 4. e4 O-O 5. f4 d6 6. Nf3 c5 7. d5 e6 8. Be2 exd5 9. exd5 Re8 10. O-O
Ng4 11. Qc2 Ne3 12. Bxe3 Rxe3 13. Bd3 Na6 14. a3 {14.Qd2 Re8 +/=} 14... Bg4
$11 15. Ng5 15... Bxc3 {15...Qf6 16.Nge4 Qd4 17.Nf2 =} 16. bxc3 (16. Qxc3 Bf5
17. Rf3 Rxd3 18. Rxd3 Bxd3 19. Qxd3 19... Qe7 $14) 16... Qe7 $11 17. Ne4 17...
Bf5 {17...f5 18.Ng5 Be2 19.Bxe2 Rxe2 =} 18. Nf2 $4 {#} (18. Rae1 $142 {
est le meilleur moyen de rester dans la partie} 18... Rxe1 19. Rxe1 Bxe4 20.
Rxe4 $11 (20. Bxe4 $2 20... f5 $19)) 18... Rxd3 $1 19. Nxd3 Qe3+ 20. Rf2 Bxd3
21. Qb3 Rb8 (21... Re8 {et c'est plus facile pour les Noirs} 22. f5 (22. Qxb7
22... Bxc4 $19) 22... b6 23. fxg6 fxg6 24. Qa2 $19) 22. Qb5 22... Qe8 {
22...Nc7 est mieux 23.Qd7 Ne8 24.Rd1 -+} 23. Qb3 {23.Rc1 Qe4 24.Qd7 Bxc4 -+
} 23... b5 24. cxb5 24... Rxb5 {pas 24...Bxb5?! 25.c4 Bd7 26.Qc3 -/+} 25. Qa2
$19 25... c4 26. Qd2 Nc5 27. Re1 Ne4 28. f5 Qb8 29. Qe3 Nxf2 30. fxg6 hxg6 (
30... Ne4 $142 $5 {et les Noirs peuvent se relaxer} 31. gxh7+ Kg7 32. Qd4+ Nf6
33. Qh4 $19 33... Rxd5 $19) 31. Kxf2 Qb6 32. Qxb6 axb6 33. Re8+ Kg7 34. Rb8
Rxd5 35. Rxb6 Ra5 36. Rxd6 Rxa3 37. Kf3 Rxc3 38. Ra6 Rb3 (38... Bb1+ $5 {
est plus rapide} 39. Ke2 Rc2+ 40. Ke3 40... Rxg2 $19) 0-1

[Event "Accession Meyreuil 03/04"]
[Site "?"]
[Date "2003.11.08"]
[Round "2"]
[White "Thomet, Yannick"]
[Black "Hernandez, Jean-Pierre"]
[Result "1-0"]
[WhiteElo "1970"]
[BlackElo "1680"]
[PlyCount "83"]

1. d4 c6 2. e3 d5 3. Bd3 Nf6 4. Nd2 g6
5. f4 5... Bg4 {Le fou vise Fc8-g4-f5-e4} 6. Ngf3 Bg7 7. O-O e6 8. Qe1 Bf5 9.
Ne5 Be4 10. Ndf3 Nbd7 11. Ng5 O-O 12. Qh4 h6 13. Ngxf7 {
13.Nxe4 Nxe4 14.Qh3 Ndf6 =} 13... Rxf7 $15 14. Nxf7 Kxf7 15. Bd2 15... Nh7 {
15...c5 16.Rad1 -/+} 16. Qg3 {16.Qxd8 Rxd8 17.Bxe4 dxe4 =/+} 16... Qf6 {
16...Bxd3!? 17.cxd3 c5 18.b4 -/+} 17. Bxe4 $11 17... dxe4 18. c4 Kg8 19. Bc3
Qf7 20. Rad1 Qf5 21. Rd2 21... h5 {21...Nhf6 22.Bb4 =/+} 22. Rfd1 Nb6 23. b3
Nf6 24. a4 Rd8 25. h3 {Securise g4} 25... Nc8 26. Kh1 26... Kh7 {
26...Nd7!? 27.a5 =} 27. Qh4 $16 {(/\ g4)} 27... Bh6 28. g4 g5 (28... hxg4 29.
d5 {ouvrant la diagonale pour le Bc3} 29... g5 30. fxg5 Qf3+ 31. Kh2 g3+ 32.
Qxg3 Qxg3+ 33. Kxg3 Nh5+ 34. Kg4 Rg8 35. h4 $18) 29. gxf5 gxh4 30. fxe6 30...
Re8 $2 {30...Bg7 est un peu mieux 31.d5 cxd5 32.cxd5 Ne8 +-} 31. d5 Bg7 32.
dxc6 {32.Rg1!? et les Blancs peuvent se relaxer Bh8 33.d6 Rxe6 34.d7 Nxd7 35.
Rxd7+ +-} 32... bxc6 $18 33. Rd8 Ne7 34. Rxe8 Nxe8 35. Bb4 Nf5 36. Rd8 Nf6 37.
e7 Nxe3 38. Bc3 Nf1 39. Bxf6 Ng3+ 40. Kg2 Bxf6 41. e8=Q Bxd8 42. Qxd8 1-0

[Event "Accession Meyreuil 03/04"]
[Site "?"]
[Date "2003.11.08"]
[Round "2"]
[White "Colandrea, Sauveur"]
[Black "Parroco, Pierre-Jean"]
[Result "1-0"]
[WhiteElo "1860"]
[BlackElo "1700"]
[PlyCount "63"]

1. e4 e5 2. Nf3 Nc6 3. d4 exd4 4. Nxd4 Bc5 5. Be3 Qf6
6. c3 Qg6 7. Be2 $146 (7. Nb5 $142 $5 7... Bxe3 (7... Bd6 $2 8. Nxd6+ cxd6 9.
Na3 $18) 8. Nxc7+ Kd8 9. Nxa8 Bf4 10. Qf3 Bh6 11. Qf5 Qxf5 12. exf5 b6 13. Na3
Bb7 14. Nxb6 axb6 15. Nc4 Kc7 16. Rd1 d5 17. Na3 17... Nf6 $11) 7... Nf6 {
7...Nxd4 8.cxd4 Bb4+ 9.Nd2 Qxg2 10.Bf3 Qg6 =} 8. Nd2 {
8.Nb5 Bxe3 9.Nxc7+ Kd8 10.Nxa8 Qxg2 11Rf1 Bh6 =} 8... Nxd4 ({Plus faible est
} 8... Nxe4 9. Bh5 Qxg2 10. Bf3 Nxc3 11. bxc3 (11. Bxg2 $2 {
semble tres interessant, mais} 11... Nxd1 12. Kxd1 12... Bxd4 $19) 11... Qg6
$16) 9. cxd4 9... Bb4 {
9...Qxg2?? prendre maintenant ce P est une erreur 10.Bf3 +-} 10. O-O Bxd2 11.
Bxd2 {11.Qxd2 d5 12.e5 Ne4 +/=} 11... O-O (11... Qxe4 $6 {
un P qui risque d'etre lourd a digerer} 12. Bb4 d6 13. Bf3 Qf5 14. Rc1 Qb5 (
14... a5 $2 15. Re1+ Kd8 16. Bxd6 $1 16... cxd6 17. Qb3 Ra6 18. Bxb7 Be6 19.
Qc3 Nd5 20. Bxd5 Qxd5 21. Qc7+ Ke8 22. Qc8+ Ke7 23. Qxh8 $18) 15. Qe1+ Kd8 16.
Ba5 Ne8 17. Qc3 $16) 12. f3 d6 13. Re1 13... h5 {13...Bh3 14.Bf1 +/=} 14. Bf4
h4 15. Rc1 {15.Bd3 (/\ e5) Ne8 +/-} 15... Bh3 {
15...h3 16.g3 Nh5 17.Qd2 Nxf4 18.Qxf4 +/=} 16. Bf1 $16 {
les blancs preparent l'avance e5} 16... Nh5 {
16...Bxg2 17.Bxg2 h3 18.Bg3 hxg2 19.Rxc7 +/-} 17. Be3 {
17.Qd2 Nxf4 18.Qxf4 c6 19.Qxh4 Be6 +/-} 17... c6 {
17...Bxg2 18.Bxg2 h3 19.Re2 +/-} 18. Kh1 {18.f4 Bg4 19.Qc2 f5 +/-} 18...
Bd7 19. Bd3 19... f5 {19...Be6 20.Bc2 +/-} 20. e5 {20.Qb3+!? Be6 21.Qxb7 +-
} 20... dxe5 21. dxe5 {les Blancs ont un P passe en e5 et l'initiative.} 21...
Rad8 {21...Be6 22.Qc2 +/-} 22. Qb3+ {22.Rc4!? Be6 23.Rxh4 +-} 22... Be6 23.
Bc4 23... Bxc4 {23...Rfe8!? 24.f4 Bxc4 25.Qxc4+ Kh7 +/=} 24. Rxc4 $18 24...
Rf7 (24... Rd5 $5 25. Rxh4 b6 26. Rd1 Rfd8 27. Rxd5 Rxd5 28. Rd4 Qe6 29. Rxd5
cxd5 30. f4 $16) 25. Rxh4 $18 25... Rd5 26. Bxa7 Rd2 27. g4 {
27.Rg1 semble mieux f4 28.e6 +-} 27... Nf4 $4 {
triste, mais les Noirs ne peuvent sauver la partie} (27... fxg4 $142 28. Qb4
Rfd7 29. Qxg4 Qxg4 30. Rxg4 30... Rxb2 $18) 28. e6 $18 28... Re7 29. Qb4 Qf6
30. Qxd2 Qxh4 31. Bf2 Qh6 32. Qd8+ (32. Qd8+ Kh7 33. Qxe7 $18) 1-0

[Event "Accession Meyreuil 03/04"]
[Site "?"]
[Date "2003.11.08"]
[Round "2"]
[White "Blondelon, Alain"]
[Black "Derien, Robert"]
[Result "1/2-1/2"]
[WhiteElo "1680"]
[BlackElo "1710"]
[PlyCount "65"]

1. b3 d5 2. Bb2 Nf6 3. e3 c5 4. Nf3 Nc6 5. c4 Bg4
6. cxd5 Nxd5 7. Be2 e6 8. O-O Nf6 9. Na3 Be7 10. Nc4 O-O 11. Nce5 Nxe5 12. Nxe5
Bxe2 13. Qxe2 Nd5 14. d4 cxd4 15. Bxd4 Bf6 16. Rfd1 Rc8 17. Qb2 b6 18. Nf3 Qe7
19. Bxf6 Nxf6 20. Rac1 Rc5 21. Rxc5 Qxc5 22. Rc1 Qd5 23. Qc2 h6 24. h3 Rd8 25.
Nd4 Kh8 26. Qb2 Ne4 27. b4 Nd6 28. Qe2 28... Nf5 {28...e5 29.Nf3 =} 29. Nxf5
$14 29... Qxf5 30. a4 Qd5 31. b5 Qb3 32. Qc2 Qa3 33. Rd1 {
un partie qui laisse Fritz sans voix !} 1/2-1/2

[Event "Accession Meyreuil 03/04"]
[Site "?"]
[Date "2003.11.22"]
[Round "3"]
[White "Derien, Robert"]
[Black "Tchifteyan, Philippe"]
[Result "1/2-1/2"]
[WhiteElo "1710"]
[BlackElo "1690"]
[PlyCount "87"]

1. e4 e5 2. Nf3 d6 3. d4 exd4 4. Nxd4 4... Bd7 $146 (
4... Nf6 5. Nc3 Be7 6. Bc4 O-O 7. O-O Nxe4 8. Nxe4 d5 9. Bd3 dxe4 10. Bxe4 $14)
5. Nc3 Nc6 6. Be3 Be7 7. Nd5 Nf6 8. Nxe7 {8.Nb5 Rc8 9.Bd3 a6 =} 8... Qxe7 $11
9. f3 d5 10. Bd3 {10.Bb5 Qb4+ 11.Kf2 dxe4 12.Bxc6 bxc6 =/+} 10... dxe4 11.
fxe4 Nxe4 12. O-O Nc5 13. Qe2 Nxd3 14. Qxd3 O-O-O 15. Rae1 15... Ne5 {
15...f6 16.Qc3 a6 17.a3 -/+} 16. Qc3 f6 17. Bf4 17... g5 {
17...Qd6!? 18.Bxe5 fxe5 19.Nf3 Bb5 20.Rf2 Rhe8 =/+} 18. Bg3 Qd6 19. Nf3 Nxf3+
20. Rxf3 {Attaque le Pf6 arriere} 20... Qc6 21. Qxc6 (21. Qa5 Qb6+ (21... Qxc2
$4 {prendre ce pion pose des problemes aux Noirs} 22. Rc3 (22. Rxf6 $6 {
est faible} 22... Kb8 $11) 22... Qxc3 23. bxc3 $18) 22. Qxb6 22... cxb6 $14)
21... Bxc6 {pas 21...bxc6 22.Rxf6 Rhe8 23.Re5 Rxe5 24.Bxe5 Re8 25.Bc3 +/=}
22. Rxf6 $11 22... Rd2 23. Rf2 Rhd8 24. h3 {24.Rf7!? Bd7 25.Rf2 =} 24... Rxf2
$17 25. Kxf2 Rd2+ 26. Re2 Rxe2+ 27. Kxe2 Bxg2 28. h4 gxh4 29. Bxh4 Kd7 30. Ke3
Ke6 31. c4 Kf5 32. Kf2 Bh3 33. b4 c6 34. Ke3 b5 35. c5 Kg4 36. Be1 Bg2 37. Kf2
Bd5 38. a3 h5 39. Bc3 h4 40. Be5 h3 41. Bh2 Kf5 42. Ke3 Ke6 43. Kd4 Ke7 44. Ke5
{La nulle est inevitable : les B de couleurs opposees ont encore frappes !}
1/2-1/2